Geographica (Record no. 181478)
[ view plain ]
| 000 -LEADER | |
|---|---|
| campo de control de longitud fija | 01061nam a2200265 i 4500 |
| 001 - NÚMERO DE CONTROL | |
| campo de control | 181478 |
| 003 - IDENTIFICADOR DE NÚMERO DE CONTROL | |
| campo de control | ES-MaACL |
| 005 - FECHA Y HORA DE LA ÚLTIMA TRANSACCIÓN | |
| campo de control | 20231017161426.0 |
| 007 - CAMPO FIJO DE DESCRIPCIÓN FÍSICA--INFORMACIÓN GENERAL | |
| campo de control de longitud fija | t| |
| 008 - DATOS DE LONGITUD FIJA--INFORMACIÓN GENERAL | |
| campo de control de longitud fija | 130123s2011 sp ||||1| spa d |
| 080 ## - NÚMERO DE LA CLASIFICACIÓN DECIMAL UNIVERSAL | |
| Número de la Clasificación Decimal Universal | 913.1(091) |
| 100 1# - ENTRADA PRINCIPAL--NOMBRE DE PERSONA | |
| Nombre de persona | Molina Marín, Antonio Ignacio. |
| 9 (RLIN) | 152117 |
| 245 10 - MENCIÓN DEL TÍTULO | |
| Título | Geographica |
| Resto del título | : ciencia del espacio y tradición narrativa de Homero a Cosmas Indicopleustes / |
| Mención de responsabilidad, etc. | Antonio Ignacio Molina Marín. |
| 260 ## - PUBLICACIÓN, DISTRIBUCIÓN, ETC. | |
| Lugar de publicación, distribución, etc. | Murcia : |
| Nombre del editor, distribuidor, etc. | Universidad de Murcia, |
| Fecha de publicación, distribución, etc. | 2011. |
| 300 ## - DESCRIPCIÓN FÍSICA | |
| Extensión | 555 p. : |
| Otras características físicas | il. ; |
| Dimensiones | 24 cm. |
| 490 1# - MENCIÓN DE SERIE | |
| Mención de serie | Antigüedad y cristianismo ; |
| Designación de volumen o secuencia | 27 |
| 500 ## - NOTA GENERAL | |
| Nota general | Precede al tít.: Universidad de Murcia, Área de Historia Antigua. |
| 650 #4 - PUNTO DE ACCESO ADICIONAL DE MATERIA--TÉRMINO DE MATERIA | |
| Término de materia o nombre geográfico como elemento de entrada | Geografía antigua- |
| Subdivisión general | Historia. |
| 9 (RLIN) | 147897 |
| 710 2# - ENTRADA AGREGADA--NOMBRE DE ENTIDAD CORPORATIVA | |
| Nombre de entidad corporativa o nombre de jurisdicción como elemento de entrada | Universidad de Murcia. |
| Unidad subordinada | Área de Historia Antigua. |
| 9 (RLIN) | 7229 |
| 830 0# - PUNTO DE ACCESO ADICIONAL DE SERIE-TÍTULO UNIFORME | |
| Título uniforme | Antigüedad y cristianismo ; |
| Designación de volumen o secuencia | 27 |
| 9 (RLIN) | 180291 |
| 852 ## - LOCALIZACIÓN | |
| Ubicación | ES-MaACL |
| Número de control de estantería | A-12541 |
| itemnumber | 188379 |
| Sublocalización o colección | R.148719 |
| Ubicación en estantería | Depósito 1 |
| Signatura antigua | Olim: N-5544 |
| Encuadernación | Donación: Universidad de Murcia |
| 914 ## - NOMBRE ENTIDAD DE DONANTE | |
| RLIN | 7228 |
| Nombre de congreso/reunión o jurisdicción como elemento de entrada | Universidad de Murcia |
| Unidad subordinada | Donante |
| 942 ## - ELEMENTOS DE ENTRADA SECUNDARIOS (KOHA) | |
| Fuente del sistema de clasificación o colocación | Clasificación decimal universal |
| Tipo de ítem Koha | Libro impreso |
| Estatus retirado | Estado de pérdida | Fuente del sistema de clasificación o colocación | Estado de daño | No para préstamo | Biblioteca de origen | Biblioteca actual | Ubicación en estantería | Fecha de adquisición | Fuente de adquisición | Total de préstamos | Signatura topográfica completa | Código de barras | Visto por última vez | Precio de reemplazo | Tipo de ítem Koha |
|---|---|---|---|---|---|---|---|---|---|---|---|---|---|---|---|
| Clasificación decimal universal | Biblioteca del Ateneo de Madrid | Biblioteca del Ateneo de Madrid | Depósito 1 | 23/01/2013 | Donación | N-5544 | 1190718 | 23/02/2023 | 23/02/2023 | Libro impreso |
